[Event "XXIV Open"]
[Site "Cappelle La Grande FRA"]
[Date "2008.02.18"]
[Round "4"]
[White "Sandipan,C"]
[Black "Royer,S"]
[Result "1-0"]
[WhiteElo "2593"]
[BlackElo "2250"]
[EventDate "2008.02.16"]

1. e4 e5 2. Bc4 Nc6 3. Nf3 Bc5 4. c3 Nf6 5. d3 d6 6. Bb3 Bb6 7. Nbd2 Ne7 8.
Nc4 Ng6 9. Nxb6 axb6 10. Be3 O-O 11. h4 Bg4 12. Qc2 Bxf3 13. gxf3 Nh5 14.
O-O-O Qf6 15. Rdg1 h6 16. Kb1 Ngf4 17. Rg4 Kh8 18. d4 Rad8 19. Qd1 c5 20.
Ka1 b5 21. Bd5 b6 22. b4 Rfe8 23. Bc6 exd4 24. cxd4 Ne6 25. Bxe8 Rxe8 26.
bxc5 bxc5 27. Rg5 cxd4 28. Rf5 1-0

[Event "XXIV Open"]
[Site "Cappelle La Grande FRA"]
[Date "2008.02.18"]
[Round "4"]
[White "Spraggett,K"]
[Black "Upton,T"]
[Result "1-0"]
[WhiteElo "2588"]
[BlackElo "2247"]
[EventDate "2008.02.16"]

1. e4 e5 2. Nf3 Nc6 3. Bb5 a6 4. Ba4 d6 5. O-O Bd7 6. d4 Nge7 7. c4 Nxd4 8.
Nxd4 exd4 9. Bxd7+ Qxd7 10. Qxd4 Nc6 11. Qd2 Be7 12. Nc3 O-O 13. b3 Bf6 14.
Bb2 Rfe8 15. f3 Re6 16. Nd5 Bxb2 17. Qxb2 Ne7 18. Nf4 Re5 19. Rfd1 Qc6 20.
g4 Ng6 21. Nd5 Qc5+ 22. Qf2 Qxf2+ 23. Kxf2 Rc8 24. Rac1 Ne7 25. Nb4 h5 26.
h3 hxg4 27. hxg4 g6 28. Rh1 Kg7 29. Ke3 Rh8 30. Rxh8 Kxh8 31. Nd5 Nxd5+ 32.
cxd5 Re7 33. g5 Kg7 34. a4 a5 35. Kd4 f6 36. gxf6+ Kxf6 37. Rh1 g5 38. Rh8
g4 39. fxg4 Kg5 40. Rg8+ Kf4 41. Kd3 Rh7 42. g5 Rh3+ 43. Kc4 Re3 44. g6
Rxe4+ 45. Kb5 Kg5 46. Rb8 Kxg6 47. Rxb7 Re3 48. Kxa5 Rc3 49. Rb5 Kf6 50.
Ka6 Ke7 51. Kb7 Kd7 52. a5 c6 53. dxc6+ Rxc6 54. a6 Rc7+ 55. Kb6 Rc6+ 56.
Ka5 Rc7 57. Rh5 Rc3 58. a7 Rxb3 59. Ka6 1-0

[Event "XXIV Open"]
[Site "Cappelle La Grande FRA"]
[Date "2008.02.18"]
[Round "4"]
[White "Soyez,C"]
[Black "Mamedov,Nid"]
[Result "0-1"]
[WhiteElo "2247"]
[BlackElo "2574"]
[EventDate "2008.02.16"]

1. c4 Nf6 2. g3 g6 3. Bg2 Bg7 4. Nc3 O-O 5. Nf3 d6 6. d4 Nc6 7. O-O Bg4 8.
h3 Bxf3 9. Bxf3 Nd7 10. Bxc6 bxc6 11. e4 c5 12. Be3 cxd4 13. Bxd4 Bxd4 14.
Qxd4 Ne5 15. Kg2 c5 16. Qd5 e6 17. Qb7 Rb8 18. Qxa7 Rxb2 19. Rab1 Rxb1 20.
Rxb1 Qf6 21. Rb3 Qf3+ 0-1

[Event "XXIV Open"]
[Site "Cappelle La Grande FRA"]
[Date "2008.02.18"]
[Round "4"]
[White "Piot,O"]
[Black "Kosten,A"]
[Result "0-1"]
[WhiteElo "2234"]
[BlackElo "2511"]
[EventDate "2008.02.16"]

1. d4 Nf6 2. c4 e6 3. Nc3 Bb4 4. e3 O-O 5. Bd3 d5 6. Nge2 dxc4 7. Bxc4 e5
8. a3 Bd6 9. Nb5 Nc6 10. dxe5 Nxe5 11. Nxd6 Qxd6 12. Qxd6 cxd6 13. Ba2 Nd3+
14. Kf1 Be6 15. Bxe6 fxe6 16. Nc3 Nd5 17. Ne4 Nxc1 18. Rxc1 Nxe3+ 19. Ke2
Nxg2 20. Nxd6 Nf4+ 21. Ke3 Rad8 22. Nxb7 Rb8 23. Nc5 Rxb2 24. Nd7 Ng2+ 25.
Ke4 Re2+ 26. Kd3 Nf4+ 27. Kc4 Rc8+ 28. Kb5 Rb2+ 29. Ka6 Rd8 30. Ne5 Nd5 31.
Kxa7 Rdb8 32. Rc6 R2b7+ 33. Ka6 Rb3 34. Ka7 R8b7+ 35. Ka6 Nc7+ 36. Rxc7
Rxc7 37. a4 Rc8 38. Ka7 Rc5 0-1

[Event "XXIV Open"]
[Site "Cappelle La Grande FRA"]
[Date "2008.02.18"]
[Round "4"]
[White "Rasmussen,A"]
[Black "Mancini,M"]
[Result "1-0"]
[WhiteElo "2468"]
[BlackElo "2225"]
[EventDate "2008.02.16"]

1. e4 e5 2. Nf3 Nc6 3. Bb5 a6 4. Ba4 d6 5. c3 Bd7 6. O-O g6 7. d4 Bg7 8.
Re1 Nge7 9. Be3 O-O 10. Nbd2 h6 11. h3 Kh8 12. Nf1 b6 13. Bc2 exd4 14. Nxd4
Nxd4 15. Bxd4 Nc6 16. Bxg7+ Kxg7 17. Ne3 Qg5 18. Kh2 Qf4+ 19. Kg1 Qg5 20.
Kh1 Qh4 21. Rf1 Bxh3 22. gxh3 Qxh3+ 23. Kg1 Ne5 24. f3 Qg3+ 25. Ng2 h5 26.
Qd4 f6 27. Qd2 Qh3 28. Nf4 Qd7 29. Bb3 Rae8 30. Qg2 Rh8 31. Nd5 h4 32. Kh2
g5 33. Rg1 c6 34. Nxf6 1-0

[Event "XXIV Open"]
[Site "Cappelle La Grande FRA"]
[Date "2008.02.18"]
[Round "4"]
[White "Baron,Ta"]
[Black "Zilberman,Y"]
[Result "1-0"]
[WhiteElo "2213"]
[BlackElo "2463"]
[EventDate "2008.02.16"]

1. e4 Nf6 2. e5 Nd5 3. d4 d6 4. Nf3 Bg4 5. Be2 e6 6. h3 Bh5 7. c4 Nb6 8.
exd6 cxd6 9. Nc3 Be7 10. d5 e5 11. g4 Bg6 12. h4 h6 13. Bd3 Bxd3 14. Qxd3
N8d7 15. Be3 Rc8 16. b3 h5 17. g5 O-O 18. Nd2 g6 19. Nde4 Re8 20. a4 a6 21.
a5 Na8 22. O-O Bf8 23. f4 exf4 24. Bxf4 b6 25. Qf3 bxa5 26. Kg2 Re5 27.
Nf6+ Nxf6 28. Bxe5 dxe5 29. Qxf6 Qd7 30. Ne4 Bg7 31. Qxf7+ Qxf7 32. Rxf7
Kxf7 33. Nd6+ Ke7 34. Nxc8+ Kd7 35. Na7 Kc7 36. Rf1 1-0

[Event "XXIV Open"]
[Site "Cappelle La Grande FRA"]
[Date "2008.02.18"]
[Round "4"]
[White "Nilsson,S"]
[Black "Hammer,J"]
[Result "0-1"]
[WhiteElo "2201"]
[BlackElo "2441"]
[EventDate "2008.02.16"]

1. e4 c5 2. Nf3 d6 3. d4 cxd4 4. Nxd4 Nf6 5. Nc3 a6 6. Bg5 e6 7. f4 Nbd7 8.
Qf3 Qc7 9. O-O-O b5 10. e5 Bb7 11. Qh3 dxe5 12. Nxe6 fxe6 13. Qxe6+ Be7 14.
Bxb5 axb5 15. Nxb5 Qc6 16. Nd6+ Kd8 17. fxe5 Kc7 18. Qxe7 Nd5 19. Rxd5 Qxd5
20. Rd1 Qxe5 21. Nxb7 Qxe7 22. Bxe7 Rxa2 23. Kb1 Rha8 24. Ba3 R2xa3 25.
bxa3 Rb8 26. Rd3 Rxb7+ 27. Kc1 Kc6 28. Kd2 Ne5 29. Rd4 Kc5 30. Kc3 Rf7 31.
Rh4 h6 32. a4 Rf2 33. g3 Rf3+ 34. Kd2 Ra3 35. Ke2 Ra2 36. Kd1 Nc4 37. Re4
Kd5 38. Re7 g6 39. Ra7 Rxa4 40. Rxa4 Nb2+ 41. Ke2 Nxa4 42. Kf3 Nc5 43. h4
Ke5 44. Ke3 Ne6 45. Kd3 Kf5 46. Kc4 Ke4 47. c3 g5 48. hxg5 hxg5 49. Kb5 g4
50. Kc6 Nd4+ 51. Kd7 Nb3 52. Kd6 Kf3 0-1

[Event "XXIV Open"]
[Site "Cappelle La Grande FRA"]
[Date "2008.02.18"]
[Round "4"]
[White "Lebret,JM"]
[Black "Tissir,M"]
[Result "0-1"]
[WhiteElo "2187"]
[BlackElo "2428"]
[EventDate "2008.02.16"]

1. e4 c5 2. Nc3 Nc6 3. g3 g6 4. Bg2 Bg7 5. d3 d6 6. f4 Rb8 7. Nge2 Bd7 8.
O-O Qc8 9. Nd5 e6 10. Ne3 Nge7 11. g4 f5 12. h3 O-O 13. c3 Kh8 14. Ng3 Qc7
15. exf5 exf5 16. g5 Be6 17. Re1 Bf7 18. h4 Rfe8 19. Bd2 Rbd8 20. h5 Kg8
21. hxg6 hxg6 22. Qc2 d5 23. Nef1 Nc8 24. Nh2 b5 25. Rxe8+ Rxe8 26. a4 a6
27. axb5 axb5 28. Qb3 Qb6 29. Qa3 c4+ 30. d4 Nxd4 0-1

[Event "XXIV Open"]
[Site "Cappelle La Grande FRA"]
[Date "2008.02.18"]
[Round "4"]
[White "Dragun,K"]
[Black "Berkovich,M"]
[Result "1-0"]
[WhiteElo "2171"]
[BlackElo "2413"]
[EventDate "2008.02.16"]

1. e4 c5 2. Nf3 Nc6 3. d4 cxd4 4. Nxd4 g6 5. Nc3 Bg7 6. Be3 Nf6 7. f3 O-O
8. Bc4 Qb6 9. Bb3 Nxe4 10. Nd5 Qa5+ 11. c3 Nf6 12. Nxc6 dxc6 13. Nxe7+ Kh8
14. Nxc8 Raxc8 15. O-O c5 16. Qe2 b5 17. Qf2 Qc7 18. a4 a6 19. axb5 axb5
20. Ra6 Rfe8 21. Rfa1 Qe5 22. Bd2 c4 23. Bc2 Red8 24. Be3 Ne8 25. Ra7 Kg8
26. Re1 Qb8 27. Be4 Rc7 28. Ra8 Qxa8 29. Bxa8 Rxa8 30. h4 h5 31. Bf4 Rc6
32. Qd2 Bf8 33. Qd5 Rcc8 34. Qxb5 Ng7 35. Re4 Nf5 36. Rxc4 Rd8 37. Ra4 Rd1+
38. Kf2 Rad8 39. b4 R8d5 40. Qc4 Bd6 41. Ra2 Be7 42. Qe2 Rh1 43. g4 Bxh4+
44. Kg2 Rdd1 45. Qe8+ Kh7 46. Qxf7+ Ng7 47. Be3 Rhe1 48. Bf2 Bxf2 49. Kxf2
Rf1+ 50. Ke3 g5 51. gxh5 Rfe1+ 52. Re2 1-0

[Event "XXIV Open"]
[Site "Cappelle La Grande FRA"]
[Date "2008.02.18"]
[Round "4"]
[White "Bogner,S"]
[Black "Raznikov,D"]
[Result "1-0"]
[WhiteElo "2401"]
[BlackElo "2162"]
[EventDate "2008.02.16"]

1. Nf3 Nf6 2. c4 c6 3. Nc3 d5 4. e3 a6 5. b3 Bg4 6. h3 Bh5 7. Bb2 Nbd7 8.
cxd5 Nxd5 9. Be2 N7f6 10. Nxd5 cxd5 11. g4 Bg6 12. Ne5 Rc8 13. O-O Nd7 14.
Nd3 f6 15. f4 e6 16. f5 exf5 17. gxf5 Bf7 18. Bh5 g6 19. Bg4 Be7 20. Nf4 g5
21. Ne6 Bxe6 22. fxe6 Nc5 23. Rc1 O-O 24. Bf5 Qe8 25. b4 1-0

[Event "XXIV Open"]
[Site "Cappelle La Grande FRA"]
[Date "2008.02.18"]
[Round "4"]
[White "Marchyllie,B"]
[Black "Mogranzini,R"]
[Result "0-1"]
[WhiteElo "2164"]
[BlackElo "2401"]
[EventDate "2008.02.16"]

1. e4 c5 2. Nc3 Nc6 3. g3 g6 4. Bg2 Bg7 5. d3 d6 6. f4 Nf6 7. Nf3 O-O 8.
O-O Rb8 9. a4 a6 10. h3 b5 11. axb5 axb5 12. g4 b4 13. Ne2 Bb7 14. Ng3 Qb6
15. f5 Nd7 16. h4 Nde5 17. Ng5 c4+ 18. Rf2 b3 19. dxc4 bxc2 20. Qxc2 Nxg4
21. c5 dxc5 22. Rf1 Ba6 23. fxg6 hxg6 24. Rf4 Bd3 25. Qd2 c4+ 26. Kh1 Nge5
27. h5 Nd4 28. Qf2 Nc2 29. Qxb6 Rxb6 30. Ra7 Bf6 31. Rh4 Nd4 32. Be3 Bxg5
33. Bxg5 Ndf3 34. Bxf3 Nxf3 35. Rg4 Rxb2 0-1

[Event "XXIV Open"]
[Site "Cappelle La Grande FRA"]
[Date "2008.02.18"]
[Round "4"]
[White "Frick,R"]
[Black "Saravanan,V1"]
[Result "0-1"]
[WhiteElo "2153"]
[BlackElo "2379"]
[EventDate "2008.02.16"]

1. e4 c5 2. Nf3 d6 3. d4 cxd4 4. Nxd4 Nf6 5. Nc3 a6 6. Be2 e5 7. Nb3 Be7 8.
O-O O-O 9. f4 b5 10. Bf3 Bb7 11. Qe1 Nbd7 12. a3 Re8 13. Kh1 Bf8 14. Qg3
Kh8 15. Re1 Rc8 16. Re2 Rc4 17. f5 h6 18. Qe1 Ba8 19. g4 d5 20. Nd2 dxe4
21. Ncxe4 Nxe4 22. Nxe4 Nf6 23. h3 Nxe4 0-1

[Event "XXIV Open"]
[Site "Cappelle La Grande FRA"]
[Date "2008.02.18"]
[Round "4"]
[White "Souevamanien,P"]
[Black "Przybylski,W"]
[Result "0-1"]
[WhiteElo "2148"]
[BlackElo "2373"]
[EventDate "2008.02.16"]

1. b3 e5 2. Bb2 Nc6 3. e3 Nf6 4. c4 d5 5. cxd5 Nxd5 6. a3 Bd6 7. d3 O-O 8.
Nd2 f5 9. Qc2 Qe7 10. Ngf3 Bd7 11. Be2 Kh8 12. Qc4 Be6 13. Qh4 Rf6 14. Nc4
Bg8 15. h3 Raf8 16. O-O Qe8 17. Rfe1 Rh6 18. Qxh6 gxh6 19. Nfxe5 Nxe5 20.
f4 Nf6 21. fxe5 Bxc4 22. exf6 Bf7 23. e4 fxe4 24. dxe4 Be5 0-1

[Event "XXIV Open"]
[Site "Cappelle La Grande FRA"]
[Date "2008.02.18"]
[Round "4"]
[White "Prevot,E"]
[Black "Bijaoui,M"]
[Result "0-1"]
[WhiteElo "2137"]
[BlackElo "2365"]
[EventDate "2008.02.16"]

1. e4 c5 2. Nf3 d6 3. d4 cxd4 4. Nxd4 Nf6 5. Nc3 a6 6. Bg5 e6 7. f4 Nbd7 8.
Qf3 Qc7 9. O-O-O Be7 10. g4 b5 11. Bxf6 Bxf6 12. g5 Bxd4 13. Rxd4 Bb7 14.
a3 O-O 15. Bg2 Nb6 16. Rhd1 Rfd8 17. Qf2 Nc4 18. R4d3 b4 19. axb4 a5 20. b5
a4 21. Nb1 Ra5 22. Rc3 Rxb5 23. Na3 Rc5 24. Rxc4 Rxc4 25. Nxc4 Qxc4 26. Qd4
Qb5 27. Rd3 Bc6 28. h4 g6 29. Bf3 Qa5 30. Rc3 Qa6 31. Kb1 Qf1+ 32. Ka2 Bb5
33. h5 gxh5 34. Bxh5 Rf8 35. Bf3 e5 36. Qb4 exf4 37. Bg4 f3 38. Bxf3 Bd7
39. Re3 Be6+ 40. b3 Qc1 0-1

[Event "XXIV Open"]
[Site "Cappelle La Grande FRA"]
[Date "2008.02.18"]
[Round "4"]
[White "Hirneise,T"]
[Black "Landuyt,E"]
[Result "1-0"]
[WhiteElo "2324"]
[BlackElo "2112"]
[EventDate "2008.02.16"]

1. e4 c5 2. Nf3 e6 3. d4 cxd4 4. Nxd4 Nf6 5. Nc3 Nc6 6. Ndb5 d6 7. Bf4 e5
8. Bg5 a6 9. Na3 b5 10. Nd5 Be7 11. Bxf6 Bxf6 12. c3 Ne7 13. Nxf6+ gxf6 14.
Be2 Bb7 15. Bf3 d5 16. exd5 Bxd5 17. Nc2 O-O 18. Ne3 e4 19. Nxd5 Qxd5 20.
Qxd5 Nxd5 21. Bxe4 Rfe8 22. O-O-O Nxc3 23. Bxa8 Nxd1 24. Rxd1 Rxa8 25. Rd6
Kg7 26. Rb6 Rc8+ 27. Kd2 Rd8+ 28. Kc3 Rc8+ 29. Kb3 Re8 30. Rxa6 Re2 31. Rb6
Rxf2 32. Rxb5 Rxg2 33. a4 Rxh2 34. a5 Re2 35. a6 Re8 36. Kb4 Kg6 37. a7 Ra8
38. Ra5 h5 39. Kb5 Kg5 40. Kb6+ Kg4 41. Kb7 Rxa7+ 42. Kxa7 f5 43. b4 1-0

[Event "XXIV Open"]
[Site "Cappelle La Grande FRA"]
[Date "2008.02.18"]
[Round "4"]
[White "Sandu,Mi"]
[Black "Chardin,T"]
[Result "1/2-1/2"]
[WhiteElo "2313"]
[BlackElo "2106"]
[EventDate "2008.02.16"]

1. e4 c5 2. Nf3 Nc6 3. d4 cxd4 4. Nxd4 e5 5. Nb5 a6 6. N5c3 Bc5 7. Bc4 Qf6
8. O-O Nge7 9. Be3 Qd6 10. Bxc5 Qxc5 11. Nd2 b5 12. Bd5 Ra7 13. a4 O-O 14.
Nb3 Qb6 15. Re1 Rc7 16. Re3 Nb4 17. axb5 axb5 18. Ra5 Nxc2 19. Qxc2 b4 20.
Qd2 bxc3 21. Rxc3 Nxd5 22. Rxd5 Rxc3 23. Qxc3 d6 24. Rd1 Be6 25. Nc1
1/2-1/2

[Event "XXIV Open"]
[Site "Cappelle La Grande FRA"]
[Date "2008.02.18"]
[Round "4"]
[White "Buchal,S"]
[Black "Dengler,D"]
[Result "1-0"]
[WhiteElo "2296"]
[BlackElo "2105"]
[EventDate "2008.02.16"]

1. e4 e6 2. d4 d5 3. e5 c5 4. c3 Nc6 5. Nf3 Bd7 6. a3 f6 7. b4 fxe5 8. Nxe5
Nxe5 9. dxe5 Qc7 10. Bf4 Ne7 11. Bd3 c4 12. Bc2 O-O-O 13. Nd2 g5 14. Bg3 h5
15. h4 Bg7 16. Qe2 g4 17. f3 Nc6 18. f4 Ne7 19. Bf2 Be8 20. Bd4 Bg6 21.
Bxg6 Nxg6 22. g3 Ne7 23. Nf1 Nf5 24. Qf2 b6 25. a4 Kd7 26. a5 Rb8 27. Rh2
Bf8 28. axb6 axb6 29. Qg1 Be7 30. Rha2 Rb7 31. Ra6 Rhb8 32. Qf2 Ke8 33. Qd2
Kf7 34. Kf2 Bd8 35. Ne3 Ne7 36. Qc2 Kg7 37. f5 exf5 38. Nxf5+ Kf8 39. Nd6
Nc6 40. Kg2 Nxd4 41. cxd4 Qg7 42. Qf5+ Kg8 43. Nxb7 Rxb7 44. Ra8 Rd7 45.
R1a7 Qh6 46. Rxd7 1-0

[Event "XXIV Open"]
[Site "Cappelle La Grande FRA"]
[Date "2008.02.18"]
[Round "4"]
[White "Przymusinski,N"]
[Black "Cieza,A"]
[Result "0-1"]
[WhiteElo "2088"]
[BlackElo "2294"]
[EventDate "2008.02.16"]

1. e4 b6 2. d4 Bb7 3. Bd3 Nf6 4. Qe2 Nc6 5. c3 e5 6. Nf3 Bd6 7. O-O Qe7 8.
Nbd2 h6 9. Nc4 O-O-O 10. d5 Nb8 11. a4 c6 12. Nxd6+ Qxd6 13. c4 a5 14. c5
bxc5 15. Be3 cxd5 16. Bxc5 Qe6 17. Nd2 dxe4 18. Bb5 Ba6 19. Rfc1 Kb7 20.
Nc4 d5 21. Nxa5+ Ka8 22. Nc6 Nxc6 23. Bxa6 Nb8 24. Bb5 Rc8 25. Qd2 Na6 26.
Qa5 Kb7 27. Qxa6+ Qxa6 28. Bxa6+ Kxa6 29. b4 Nd7 30. Be3 d4 31. b5+ Kb7 32.
Bd2 Nc5 33. Rcb1 Nd3 34. a5 Rc2 35. a6+ Kb8 36. Ba5 Nb2 37. Ra2 Rhc8 38. h4
Rc1+ 39. Rxc1 Rxc1+ 40. Kh2 Nc4 41. b6 Nxa5 42. Rxa5 Rb1 43. Rxe5 Rxb6 44.
Rxe4 Rd6 45. Re8+ Ka7 46. Re2 Kxa6 47. Kg1 Kb5 48. Kf1 d3 49. Rd2 Kc4 50.
Ke1 Ra6 51. Rd1 Re6+ 52. Kf1 Kc3 0-1

[Event "XXIV Open"]
[Site "Cappelle La Grande FRA"]
[Date "2008.02.18"]
[Round "4"]
[White "Kooshani,M"]
[Black "Miedema,R"]
[Result "1-0"]
[WhiteElo "2098"]
[BlackElo "2287"]
[EventDate "2008.02.16"]

1. e4 e6 2. d4 d5 3. Nc3 Nc6 4. Nf3 Nf6 5. Bg5 Bb4 6. e5 h6 7. Bd2 Ne4 8.
Bd3 Nxd2 9. Qxd2 Be7 10. Ne2 Nb4 11. Bb5+ Bd7 12. Bxd7+ Qxd7 13. a3 Nc6 14.
O-O g5 15. Ne1 f6 16. exf6 Bxf6 17. b4 e5 18. c3 O-O-O 19. Nd3 exd4 20. Nc5
Qg4 21. Qd3 dxc3 22. Qb5 Rd6 23. Qxb7+ Kd8 24. b5 Na5 25. Qxa7 Qxe2 26.
Qb8+ Ke7 27. Qxc7+ Kf8 28. Rae1 Qxb5 29. Qxd6+ Kg7 30. Nd7 Qc6 31. Re7+ 1-0

[Event "XXIV Open"]
[Site "Cappelle La Grande FRA"]
[Date "2008.02.18"]
[Round "4"]
[White "Schuurman,P"]
[Black "Van Vliet,D"]
[Result "1-0"]
[WhiteElo "2271"]
[BlackElo "2092"]
[EventDate "2008.02.16"]

1. d4 d5 2. c4 e6 3. Nc3 c5 4. cxd5 exd5 5. Nf3 Nc6 6. g3 Nf6 7. Bg2 Be7 8.
O-O O-O 9. dxc5 Bxc5 10. a3 d4 11. Na4 Bb6 12. b4 a6 13. Bb2 Ba7 14. Nc5
Bxc5 15. bxc5 Qe7 16. Nxd4 Ne4 17. Nxc6 bxc6 18. Qd4 f5 19. Rfd1 Rb8 20.
Qe5 Be6 21. Bxe4 fxe4 22. Rd6 Rxb2 23. Qxb2 Bd5 24. Qd4 Rb8 25. Rxd5 cxd5
26. Qxd5+ Kh8 27. Rd1 h6 28. Qd6 Qe8 29. c6 e3 30. f3 Kh7 31. Qd3+ 1-0

[Event "XXIV Open"]
[Site "Cappelle La Grande FRA"]
[Date "2008.02.18"]
[Round "4"]
[White "Sobry,S"]
[Black "Igla,B"]
[Result "0-1"]
[WhiteElo "2069"]
[BlackElo "2270"]
[EventDate "2008.02.16"]

1. e4 c5 2. Nf3 d6 3. d4 cxd4 4. Nxd4 Nf6 5. Nc3 g6 6. Be3 Bg7 7. f3 Nc6 8.
Qd2 O-O 9. Bc4 Na5 10. Bb3 Bd7 11. Bh6 Rc8 12. h4 Nc4 13. Bxc4 Rxc4 14.
Bxg7 Kxg7 15. h5 Qa5 16. hxg6 fxg6 17. Nb3 Qe5 18. Qh6+ Kg8 19. O-O-O Nh5
20. Nd5 Rf7 21. Qd2 b6 22. Kb1 Be6 23. Qd3 b5 24. Ne3 Rc8 25. Nd4 Bd7 26.
Qb3 a5 27. g4 Nf6 28. Ne2 a4 29. Qd3 b4 30. Nc4 Qc5 31. b3 Bb5 32. Qd4 Bxc4
33. Qxc5 Rxc5 34. bxc4 Rxc4 35. Nd4 Nd7 36. Ne6 Rxf3 37. Ng5 Rf2 38. Rxh7
Rcxc2 39. Rdh1 Rb2+ 40. Ka1 Rxa2+ 41. Kb1 Rfb2+ 42. Kc1 a3 0-1

[Event "XXIV Open"]
[Site "Cappelle La Grande FRA"]
[Date "2008.02.18"]
[Round "4"]
[White "Maisuradze,N"]
[Black "Meurs,T"]
[Result "1-0"]
[WhiteElo "2270"]
[BlackElo "2087"]
[EventDate "2008.02.16"]

1. f4 d5 2. Nf3 c6 3. b3 Nf6 4. Bb2 Bg4 5. Ne5 Bh5 6. g3 Nbd7 7. Bg2 e6 8.
O-O Qb6+ 9. Kh1 Nxe5 10. fxe5 Ng4 11. Bf3 g6 12. e3 Nh6 13. g4 Bxg4 1-0

[Event "XXIV Open"]
[Site "Cappelle La Grande FRA"]
[Date "2008.02.18"]
[Round "4"]
[White "Denivet,A"]
[Black "Sokolov,And1"]
[Result "0-1"]
[WhiteElo "1950"]
[BlackElo "2594"]
[EventDate "2008.02.16"]

1. e4 c5 2. Nf3 e6 3. d4 cxd4 4. Nxd4 Nf6 5. Bd3 Nc6 6. Be3 Ne5 7. O-O a6
8. Nc3 b5 9. Nb3 Bb7 10. f3 Qc7 11. Kh1 Be7 12. Bf4 O-O 13. Bxe5 Qxe5 14.
f4 Qc7 15. e5 Nd5 16. Ne4 Ne3 17. Qh5 g6 18. Qh6 Bxe4 19. Bxe4 Nxf1 20.
Rxf1 Rac8 21. h4 f5 22. exf6 Bxf6 23. h5 d5 24. Bd3 Qg7 25. Qxg7+ Kxg7 26.
hxg6 hxg6 27. c3 e5 28. fxe5 Bxe5 29. Rxf8 Rxf8 30. Nc5 Rf2 0-1

[Event "XXIV Open"]
[Site "Cappelle La Grande FRA"]
[Date "2008.02.18"]
[Round "4"]
[White "Shengelia,D"]
[Black "Baba,M"]
[Result "1-0"]
[WhiteElo "2568"]
[BlackElo "2213"]
[EventDate "2008.02.16"]

1. d4 Nf6 2. Nf3 g6 3. c4 Bg7 4. g3 O-O 5. Bg2 d5 6. cxd5 Nxd5 7. O-O Nb6
8. Nc3 Nc6 9. d5 Na5 10. Qc2 Bd7 11. Rd1 Qc8 12. Qe4 e6 13. dxe6 Bxe6 14.
Qh4 f6 15. Nd4 Bd7 16. b3 Nc6 17. Nxc6 Bxc6 18. Bxc6 bxc6 19. Qe4 Qb7 20.
Bf4 Rfe8 21. Qf3 f5 22. Rac1 Rad8 23. h4 h5 24. a4 Nd7 25. Nb5 Ne5 26. Bxe5
Bxe5 27. Rxd8 Rxd8 28. Rxc6 1-0

[Event "XXIV Open"]
[Site "Cappelle La Grande FRA"]
[Date "2008.02.18"]
[Round "4"]
[White "Pereira,Rub"]
[Black "Kozak,Ma"]
[Result "1-0"]
[WhiteElo "2423"]
[BlackElo "2201"]
[EventDate "2008.02.16"]

1. e4 c5 2. Nc3 e6 3. Nf3 a6 4. g3 Nc6 5. Bg2 g6 6. d4 cxd4 7. Nxd4 Bg7 8.
Be3 Nge7 9. O-O O-O 10. a4 d6 11. h3 Qc7 12. Qd2 Rd8 13. Rad1 Bd7 14. f4
Rac8 15. Nb3 Be8 16. Qf2 Qb8 17. Bb6 Rd7 18. Rd2 f5 19. Re1 Nd8 20. exf5
exf5 21. Nd5 Ndc6 22. Ba7 Nxa7 23. Nxe7+ Rxe7 24. Rxe7 Nc6 25. Re6 Rd8 26.
Bd5 Bf7 27. Ree2 Bxd5 28. Rxd5 Bxb2 29. c4 Bg7 30. Qe3 Qc7 31. Qe6+ Qf7 32.
Rxd6 Qxe6 33. Rexe6 Kf7 34. Rxd8 Nxd8 35. Re2 Nc6 36. Kg2 b6 37. c5 bxc5
38. Nxc5 a5 39. Re6 1-0

[Event "XXIV Open"]
[Site "Cappelle La Grande FRA"]
[Date "2008.02.18"]
[Round "4"]
[White "Zherebukh,Y"]
[Black "Roger,M"]
[Result "1-0"]
[WhiteElo "2420"]
[BlackElo "2199"]
[EventDate "2008.02.16"]

1. e4 e6 2. d4 d5 3. Nd2 Nf6 4. e5 Nfd7 5. Bd3 c5 6. c3 Nc6 7. Ne2 cxd4 8.
cxd4 f6 9. exf6 Nxf6 10. Nf3 Bd6 11. O-O O-O 12. Bf4 Bxf4 13. Nxf4 Ne4 14.
Qc1 Qf6 15. Ne2 e5 16. dxe5 Nxe5 17. Nxe5 Qxe5 18. Bxe4 dxe4 19. Nc3 Bf5
20. Qe3 Rfd8 21. Rad1 Qa5 22. Qg5 h6 23. Qe7 Rab8 24. Rxd8+ Qxd8 25. Qc5
Qg5 26. Qxa7 Rd8 27. Qxb7 Rd2 28. Nd1 Bg4 29. Ne3 Be2 30. Re1 Bd3 31. Qb4
1-0

[Event "XXIV Open"]
[Site "Cappelle La Grande FRA"]
[Date "2008.02.18"]
[Round "4"]
[White "Burgnies,S"]
[Black "Payen,Ar"]
[Result "0-1"]
[WhiteElo "2157"]
[BlackElo "2403"]
[EventDate "2008.02.16"]

1. e4 g6 2. d4 Bg7 3. Nc3 c6 4. f4 d5 5. e5 Nh6 6. Nf3 f6 7. Be3 Bg4 8. Be2
O-O 9. O-O Nd7 10. h3 Bxf3 11. Bxf3 Nf5 12. Bf2 fxe5 13. fxe5 e6 14. Qd3 c5
15. Rae1 cxd4 16. Bxd4 Qg5 17. Bg4 a6 18. Bxf5 Rxf5 19. Rxf5 Qxf5 20. Qxf5
gxf5 21. Nb1 Rc8 22. c3 Bh6 23. Be3 Bxe3+ 24. Rxe3 b5 25. Nd2 Kf7 26. Nf3
h6 27. Nd4 Nb6 28. b3 h5 29. Kf2 h4 30. Ne2 Nd7 31. g4 hxg3+ 32. Kxg3 Nc5
33. Kf4 Ne4 34. Rf3 a5 35. Re3 Rh8 36. Rf3 Rh7 37. Ke3 Rh4 38. Kd4 b4 39.
cxb4 axb4 40. Nf4 Ng5 0-1

[Event "XXIV Open"]
[Site "Cappelle La Grande FRA"]
[Date "2008.02.18"]
[Round "4"]
[White "Wang Puchen"]
[Black "Roberts,P"]
[Result "1/2-1/2"]
[WhiteElo "2383"]
[BlackElo "2168"]
[EventDate "2008.02.16"]

1. d4 g6 2. c4 Nf6 3. Nc3 d5 4. Nf3 Bg7 5. Bg5 Ne4 6. cxd5 Nxg5 7. Nxg5 e6
8. Qd2 exd5 9. Qe3+ Kf8 10. Qf4 Bf6 11. h4 h6 12. Nf3 Kg7 13. e3 Be6 14.
Bd3 c6 15. g4 Nd7 16. O-O-O Qb8 17. Qxb8 Raxb8 18. Rdg1 Be7 19. Ne2 Bd6 20.
Nf4 Rbe8 21. Bc2 Nf6 22. g5 Ne4 23. Bxe4 dxe4 24. Nxe6+ Rxe6 25. Nd2 h5 26.
Nb3 Be7 27. Kd2 Rd8 28. Rc1 Rd5 29. Ke2 Rf5 30. Nc5 Bxc5 31. Rxc5 Rxc5 32.
dxc5 Re5 33. b4 Rd5 1/2-1/2

[Event "XXIV Open"]
[Site "Cappelle La Grande FRA"]
[Date "2008.02.18"]
[Round "4"]
[White "Monsieux,C"]
[Black "Pekar,K"]
[Result "0-1"]
[WhiteElo "2338"]
[BlackElo "2141"]
[EventDate "2008.02.16"]

1. e4 c5 2. Nf3 d6 3. d4 cxd4 4. Nxd4 Nf6 5. Nc3 a6 6. Bg5 e6 7. f4 b5 8.
e5 dxe5 9. fxe5 Qc7 10. exf6 Qe5+ 11. Be2 Qxg5 12. Rf1 Ra7 13. Qd3 Rd7 14.
Ne4 Qe5 15. O-O-O Bb7 16. Bf3 Bd5 17. Qe3 Bxa2 18. Nb3 Bxb3 19. Qxb3 gxf6
20. Rxd7 Nxd7 21. Qd3 Be7 22. Rd1 Qc7 23. Nd6+ Bxd6 24. Qxd6 Qxd6 25. Rxd6
Ke7 26. Rxa6 Rb8 27. Be2 f5 28. Kd2 Nc5 29. Ra7+ Kf6 30. Ke3 Ne4 31. Rd7
Rc8 32. c3 Rc5 33. g4 Re5 0-1

[Event "XXIV Open"]
[Site "Cappelle La Grande FRA"]
[Date "2008.02.18"]
[Round "4"]
[White "Motoc,A"]
[Black "Balandier,T"]
[Result "1-0"]
[WhiteElo "2330"]
[BlackElo "2103"]
[EventDate "2008.02.16"]

1. d4 c5 2. d5 Nf6 3. Nc3 Qa5 4. Bd2 b5 5. e4 b4 6. e5 bxc3 7. Bxc3 Qa4 8.
exf6 Qe4+ 9. Be2 gxf6 10. f3 Qg6 11. g3 Bb7 12. Bc4 d6 13. Qe2 Bh6 14. f4
Nd7 15. O-O-O O-O-O 16. Ba6 Nb6 17. Bxb7+ Kxb7 18. Qxe7+ Kb8 19. Qxf6 Qh5
20. g4 Qxg4 21. Qxh6 Rhg8 22. Qh3 Qxf4+ 23. Bd2 Qe4 24. Qf3 Qxd5 25. Qxd5
Nxd5 26. Nf3 Nb6 27. Ng5 Rd7 28. Nxh7 Rg2 29. Bf4 Nc4 30. b3 Na3 31. Rd2
Rxd2 32. Kxd2 Nb5 33. Nf6 Rd8 34. h4 Kb7 35. h5 Nd4 36. h6 1-0

[Event "XXIV Open"]
[Site "Cappelle La Grande FRA"]
[Date "2008.02.18"]
[Round "4"]
[White "Lalau,A"]
[Black "Cabrera Trujillo,J"]
[Result "1/2-1/2"]
[WhiteElo "2096"]
[BlackElo "2320"]
[EventDate "2008.02.16"]

1. e4 c5 2. Nf3 d6 3. d4 cxd4 4. Nxd4 Nf6 5. Nc3 g6 6. Bc4 Bg7 7. Bb3 Nc6
8. f3 O-O 9. Be3 Bd7 10. Qd2 Na5 11. O-O-O Rb8 12. Bh6 Bxh6 13. Qxh6 b5 14.
h4 e5 15. Nde2 b4 16. Nd5 Nxb3+ 17. cxb3 Nxd5 18. Rxd5 Rb6 19. Kb1 Be6 20.
Rd3 Ra6 21. Nc1 Qc7 22. g4 Rc8 23. Qd2 Rc6 24. h5 a5 25. hxg6 fxg6 26. Rd1
Rc2 27. Qe3 Rh2 28. R3d2 Rxd2 29. Qxd2 Rd8 30. Qe3 Qf7 31. Ne2 Qb7 32. Qg5
Qd7 33. Ng3 Rf8 34. Nf5 Bxf5 35. gxf5 Qd8 36. Qxd8 Rxd8 37. fxg6 hxg6 38.
Kc2 Kf7 39. Rd5 Ke6 40. Kd2 Rf8 41. Ke3 Ra8 42. Rb5 1/2-1/2